| 000 | 00735cab a2200229 4500 | ||
|---|---|---|---|
| 001 | ABS53448 | ||
| 008 | 090401t1995 xxu||||| |||| 00| 0 eng d | ||
| 035 | _a(Sirsi) u4269 | ||
| 041 | _aeng | ||
| 245 | _aWhat next on leases | ||
| 260 | _c1995 | ||
| 350 | _a0 | ||
| 490 |
_aSolicitors` Journal _v139(31) 11 August 1995, 798(1) |
||
| 520 | _aAssesses the effect of the abolition of privity of contract on new leases concluded after 1 January 1996 on the commercial property market. | ||
| 650 | _aBUSINESS TENANCIES | ||
| 650 | _aLANDLORD AND TENANT (COVENANTS) ACT 1995 | ||
| 650 | _aPRIVITY OF CONTRACT | ||
| 650 | _aSHORTER LEASES | ||
| 690 | _aLANDLORD AND TENANT-BUSINESS TENANCIES | ||
| 942 | _n0 | ||
| 948 | _c04/03/1997 | ||
| 999 |
_c2558 _d2558 |
||